000 02066cam a22002651i 4500
003 SA-RiAUC
005 20251225125521.0
008 251222s2011____su g 000 0 ara c
020 _a9786030077267
040 _aSA-JeALM
_bara
_cSA-RiAUC
_dKAC
_erda
082 0 4 _a745.6191
_qSA-RiAUC
090 _a745.6191
_bع ر ا
100 1 _aالعرافي، إبراهيم علي عبده
_eمؤلف.
245 1 0 _aمشق ميزان :
_bفن الخط العربي /
_cإبراهيم علي عبده العرافي ؛ تصميم وتصوير وإخراج المصممة لجين زياد خوجة.
264 1 _aمكة المكرمة :
_bإبراهيم علي عبده العرافي،
_c2011
300 _a211 صفحة ؛
_bخطوط .
_c30 في 30 سم .
336 _aنص
_btxt
_2rdacontent
_3كتاب
337 _aبدون وسيط
_bn
_2rdamedia
338 _aمجلد
_bnc
_2rdacarrier
520 _aكتاب "مشق ميزان : فن الخط العربي" من تأليف إبراهيم علي عبده العرافي هو مرجع شامل لتعلم فن الخط العربي. الكتاب يقدم شرحا مفصلا لأبجديات سبعة خطوط عربية، ويشمل تعليمات خطوة بخطوة مدعومة بالصور لتسهيل التعلم. الكتاب يغطي عدة جوانب منها : أساسيات الخط العربي : شرح للمبادئ الأساسية للخط العربي وكيفية البدء في تعلمه. أنواع الخطوط : تفاصيل حول سبعة أنواع من الخطوط العربية مثل النسخ، الرقعة، الثلث، والديواني. تقنيات الكتابة : إرشادات حول كيفية استخدام الأدوات المختلفة مثل القلم والحبر. التطبيقات العملية : أمثلة عملية وتمارين تساعد على تحسين مهارات الخط.
650 7 _aالخط العربي
_2aucsh
700 1 _aخوجة، لجين زياد
_eمصمم.
942 _2ddc
_cBOOK
_n0
949 _aSA-JeALM
_d251222
_uosman123
_n1
999 _c13696
_d13696